[Event "GER-ch NSV Online 1st"]
[Site "Playchess.com INT"]
[Date "2020.04.26"]
[Round "4"]
[White "Dralle, Hannes"]
[Black "Reichert, Matthias"]
[Result "0-1"]
[WhiteElo "1732"]
[BlackElo "1950"]
[PlyCount "58"]
[EventDate "2020.04.26"]
[EventType "swiss (blitz)"]
[EventRounds "13"]
[EventCountry "GER"]
[SourceTitle "CBM 196 Extra"]
[Source "ChessBase"]
[SourceDate "2020.07.31"]
[SourceVersion "1"]
[SourceVersionDate "2020.07.31"]
[SourceQuality "1"]

1. e4 c5 2. Nf3 Nc6 3. d4 cxd4 4. Nxd4 Nf6 5. Nc3 e5 6. Ndb5 d6 7. Bg5 a6 8. Bxf6 gxf6 9. Na3 b5 10. Nd5 Bg7 11. Bd3 0-0 12. Qh5 Ne7 13. 0-0 Be6 14. c3 Bxd5 15. exd5 Ng6 16. Nc2 Re8 17. Ne3 e4 18. Bc2 Re5 19. Qg4 h5 20. Qe2 Nf4 21. Qe1 f5 22. a4 Rb8 23. axb5 axb5 24. Qd2 Qg5 25. Rae1 Rxd5 26. Qc1 Nd3 27. Re2 Nxc1 28. Rxc1 f4 29. Nxd5 f3 0-1

[Event "Reutlingen op 17th"]
[Site "Reutlingen"]
[Date "2012.05.27"]
[Round "5"]
[White "Reichert, Matthias"]
[Black "Gheng, Josef"]
[Result "1/2-1/2"]
[WhiteElo "2040"]
[BlackElo "2334"]
[PlyCount "89"]
[EventDate "2012.05.25"]
[EventType "swiss"]
[EventRounds "7"]
[EventCountry "GER"]
[SourceTitle "EXT 2015"]
[Source "ChessBase"]
[SourceDate "2014.11.20"]
[SourceVersion "1"]
[SourceVersionDate "2014.11.20"]
[SourceQuality "1"]

1. e4 e5 2. Nf3 Nc6 3. Bb5 a6 4. Ba4 Nf6 5. 0-0 b5 6. Bb3 Be7 7. Re1 d6 8. c3 Na5 9. Bc2 c5 10. d4 Nc6 11. d5 Nb8 12. a4 Bb7 13. axb5 axb5 14. Rxa8 Bxa8 15. Qe2 c4 16. b3 0-0 17. bxc4 bxc4 18. Qxc4 Bb7 19. Qb4 Qc7 20. Na3 Na6 21. Qb2 Rb8 22. Nb5 Qd8 23. c4 Nd7 24. Bd2 Nac5 25. Ra1 Ba6 26. Ba5 Qf8 27. Rb1 g6 28. Qc1 Rb7 29. Na3 f5 30. exf5 gxf5 31. Rxb7 Bxb7 32. Bd2 e4 33. Nd4 Qf6 34. Nab5 Ne5 35. Qa1 Nxc4 36. Bc3 Bxd5 37. Nc6 Qf8 38. Nxe7+ Qxe7 39. Bf6 Qb7 40. Nd4 Qd7 41. Qc1 Qf7 42. Qg5+ Qg6 43. Qxf5 Qxf5 44. Nxf5 Kf7 45. Bc3 1/2-1/2

[Event "Oberliga Wuerttemberg 1011"]
[Site "Wuerttemberg"]
[Date "2010.10.17"]
[Round "2"]
[White "Hottes, Dieter"]
[Black "Reichert, Matthias"]
[Result "1/2-1/2"]
[WhiteElo "2176"]
[BlackElo "2048"]
[PlyCount "94"]
[EventDate "2010.09.26"]
[EventType "team-tourn"]
[EventRounds "9"]
[EventCountry "GER"]
[SourceTitle "EXT 2019"]
[Source "ChessBase"]
[SourceDate "2018.10.10"]
[SourceVersion "1"]
[SourceVersionDate "2018.10.10"]
[SourceQuality "1"]
[WhiteTeam "Stuttgart SF II"]
[BlackTeam "Schwaebisch Gmuend"]
[WhiteTeamCountry "GER"]
[BlackTeamCountry "GER"]

1. c4 g6 2. d4 Bg7 3. Nc3 Nf6 4. e4 d6 5. Bg5 c5 6. d5 h6 7. Bf4 0-0 8. h3 e6 9. Bd3 exd5 10. exd5 Re8+ 11. Nge2 Nh5 12. Bh2 Qg5 13. Kf1 Be5 14. Ne4 Qe7 15. Qd2 Bxh2 16. Rxh2 Bf5 17. N2c3 Qe5 18. g3 Bxe4 19. Nxe4 f5 20. Re1 Nd7 21. Nc3 Nxg3+ 22. fxg3 Qxg3 23. Re6 Ne5 24. Rg2 Qxh3 25. Be2 Rxe6 26. dxe6 f4 27. Qd5 f3 28. e7+ Kg7 29. Bxf3 Nxf3 30. Kf2 Ng5 31. Rg3 Qh2+ 32. Rg2 Qf4+ 33. Ke2 Re8 34. Qxb7 Qxc4+ 35. Kd2 Qf4+ 36. Kc2 Qf5+ 37. Kc1 Qf1+ 38. Kc2 Qf5+ 39. Kc1 Qe5 40. Re2 Qf4+ 41. Kc2 Nf3 42. Re4 Nd4+ 43. Kd3 Qf1+ 44. Kd2 Qg2+ 45. Kd3 Qf1+ 46. Kd2 Qg2+ 47. Kd3 Qf1+ 1/2-1/2

[Event "Stuttgart-chA int"]
[Site "Ditzingen"]
[Date "2010.05.15"]
[Round "6"]
[White "Paul, Mathias1"]
[Black "Reichert, Matthias"]
[Result "1-0"]
[WhiteElo "2009"]
[BlackElo "2092"]
[PlyCount "113"]
[EventDate "2010.05.13"]
[EventType "swiss"]
[EventRounds "7"]
[EventCountry "GER"]
[SourceTitle "EXT 2018"]
[Source "ChessBase"]
[SourceDate "2017.10.13"]
[SourceVersion "1"]
[SourceVersionDate "2017.10.13"]
[SourceQuality "1"]

1. e4 e5 2. f4 d5 3. exd5 c6 4. Qe2 cxd5 5. fxe5 Nc6 6. Nf3 Bc5 7. c3 d4 8. b4 Bb6 9. b5 Nce7 10. Nxd4 Bxd4 11. cxd4 Qxd4 12. Nc3 Bf5 13. Ba3 Rc8 14. Rc1 Ng6 15. Bd6 Nf6 16. exf6+ Kd7 17. Qf3 Kxd6 18. Qxf5 Rhe8+ 19. Kd1 Nf4 20. Ne4+ Qxe4 21. Qxe4 Rxc1+ 22. Kxc1 Rxe4 23. fxg7 Re8 24. g3 Ne6 25. Bg2 b6 26. Rf1 Ke7 27. Rf3 Rc8+ 28. Kd1 Nxg7 29. Ra3 Rc7 30. Be4 h6 31. Ke2 Ne6 32. Ke3 Kd6 33. d4 Re7 34. Kd3 Rc7 35. Rc3 Rxc3+ 36. Kxc3 Nc7 37. a4 Ne6 38. Kd3 Ke7 39. Bd5 Nc7 40. Bc4 f6 41. Ke4 Kd6 42. Kf5 Nd5 43. Bxd5 Kxd5 44. Kg6 Kxd4 45. Kxh6 Kc3 46. h4 Kb4 47. h5 Kxa4 48. Kg6 Kxb5 49. h6 Ka4 50. h7 b5 51. h8Q a5 52. Qxf6 b4 53. Kf5 b3 54. Qb2 Kb4 55. Qd2+ Kb5 56. g4 a4 57. Qc3 1-0

[Event "Stuttgart-chA int"]
[Site "Ditzingen"]
[Date "2010.05.13"]
[Round "2"]
[White "Baumeister, Juergen"]
[Black "Reichert, Matthias"]
[Result "1/2-1/2"]
[WhiteElo "1847"]
[BlackElo "2092"]
[PlyCount "68"]
[EventDate "2010.05.13"]
[EventType "swiss"]
[EventRounds "7"]
[EventCountry "GER"]
[SourceTitle "EXT 2018"]
[Source "ChessBase"]
[SourceDate "2017.10.13"]
[SourceVersion "1"]
[SourceVersionDate "2017.10.13"]
[SourceQuality "1"]

1. Nc3 g6 2. e4 Bg7 3. Bc4 d6 4. d3 c5 5. Be3 Nc6 6. a3 Nf6 7. Nge2 Ng4 8. Bd2 Nge5 9. Ba2 Bg4 10. f4 Bxe2 11. Nxe2 Ng4 12. c3 e6 13. g3 0-0 14. h3 Nf6 15. Ng1 d5 16. Qf3 d4 17. Ne2 Nd7 18. Qf2 Qb6 19. Rb1 Qa6 20. c4 Qa4 21. 0-0 Qc2 22. Nc1 a6 23. Be1 Qxf2+ 24. Rxf2 f5 25. b4 fxe4 26. dxe4 e5 27. Nd3 b6 28. bxc5 bxc5 29. Rb7 Rf7 30. Rfb2 Nd8 31. R7b3 Re7 32. Re2 Ne6 33. Bb1 Rf8 34. Bd2 Nd8 1/2-1/2

[Event "Deizisau op 4th"]
[Site "Deizisau"]
[Date "2009.11.01"]
[Round "6"]
[White "Manakov, Ilya"]
[Black "Reichert, Matthias"]
[Result "1-0"]
[WhiteElo "2372"]
[BlackElo "2101"]
[PlyCount "81"]
[EventDate "2009.10.29"]
[EventType "swiss"]
[EventRounds "7"]
[EventCountry "GER"]
[SourceTitle "EXT 2010"]
[Source "ChessBase"]
[SourceDate "2010.11.25"]
[SourceVersion "1"]
[SourceVersionDate "2010.11.25"]
[SourceQuality "1"]

1. d4 Nf6 2. Nf3 g6 3. c4 Bg7 4. Nc3 d6 5. e4 0-0 6. Be2 e5 7. Be3 c6 8. 0-0 exd4 9. Nxd4 Re8 10. Qc2 Qe7 11. Bf3 Nbd7 12. Rad1 Nc5 13. Rfe1 Ng4 14. Bxg4 Bxg4 15. f3 Be6 16. b3 Qh4 17. Nce2 Rad8 18. Qc1 Qe7 19. Nf4 Qf8 20. Nde2 a6 21. Qd2 b5 22. cxb5 axb5 23. Rc1 Bxb3 24. axb3 Nxb3 25. Qc2 Nxc1 26. Rxc1 c5 27. Nd5 b4 28. Qc4 Kh8 29. Bg5 f6 30. Bf4 Rd7 31. Rb1 Ra7 32. h3 Ra3 33. Bc1 Ra7 34. Bf4 f5 35. Ng3 fxe4 36. fxe4 Bd4+ 37. Kh2 Be5 38. Bxe5+ Rxe5 39. Rf1 Qg7 40. Qb5 Ra3 41. Qb8+ 1-0

[Event "Stuttgart-chA int"]
[Site "Gerlingen"]
[Date "2007.05.20"]
[Round "7"]
[White "Lenzen, Martin Oliver"]
[Black "Reichert, Matthias"]
[Result "0-1"]
[WhiteElo "2044"]
[BlackElo "2145"]
[PlyCount "90"]
[EventDate "2007.05.17"]
[EventType "swiss"]
[EventRounds "7"]
[EventCountry "GER"]
[SourceTitle "EXT 2018"]
[Source "ChessBase"]
[SourceDate "2017.10.13"]
[SourceVersion "1"]
[SourceVersionDate "2017.10.13"]
[SourceQuality "1"]

1. e4 e5 2. Nf3 Nc6 3. Bb5 Nf6 4. 0-0 Bc5 5. c3 0-0 6. d4 Bb6 7. Bg5 h6 8. Bh4 d6 9. Bxc6 bxc6 10. dxe5 dxe5 11. Qe2 Qe7 12. Nbd2 Re8 13. Rfe1 g5 14. Bg3 Bg4 15. Nf1 Nd7 16. Rad1 f6 17. Ne3 Be6 18. h3 Nc5 19. Nf5 Qh7 20. Nd2 Bxf5 21. exf5 Qxf5 22. Nf1 Rad8 23. Qh5 Nd3 24. Re3 e4 25. Qxh6 Nxb2 26. Rxd8 Rxd8 27. h4 Rd1 28. Re2 e3 29. hxg5 Qb1 30. Kh2 Rxf1 31. Bh4 Rh1+ 32. Kg3 Qh7 33. Qxh7+ Kxh7 34. fxe3 fxg5 35. Bxg5 Nc4 36. e4 Kg6 37. Kg4 Rh5 38. Bf4 Ne5+ 39. Bxe5 Rxe5 40. Kf4 Re8 41. g4 Bc5 42. c4 Rf8+ 43. Kg3 Kg5 44. e5 Re8 45. Re4 Bd6 0-1

[Event "Stuttgart-chA int"]
[Site "Gerlingen"]
[Date "2007.05.18"]
[Round "3"]
[White "Teske, Henrik"]
[Black "Reichert, Matthias"]
[Result "1-0"]
[WhiteElo "2538"]
[BlackElo "2145"]
[PlyCount "49"]
[EventDate "2007.05.17"]
[EventType "swiss"]
[EventRounds "7"]
[EventCountry "GER"]
[SourceTitle "EXT 2018"]
[Source "ChessBase"]
[SourceDate "2017.10.13"]
[SourceVersion "1"]
[SourceVersionDate "2017.10.13"]
[SourceQuality "1"]

1. e4 e5 2. Nf3 Nc6 3. d4 exd4 4. Nxd4 Nf6 5. Nxc6 bxc6 6. Bd3 Bc5 7. e5 Nd5 8. c4 Nb4 9. Be2 Qh4 10. 0-0 Qd4 11. a3 Qxd1 12. Rxd1 Nc2 13. Ra2 Nd4 14. b4 Nxe2+ 15. Rxe2 Be7 16. Nc3 0-0 17. h3 a5 18. b5 cxb5 19. cxb5 c6 20. a4 Bb4 21. Na2 Be7 22. b6 Ba6 23. Rb2 Rfd8 24. Bd2 Bc4 25. b7 1-0